000 00485nam a2200181Ia 4500
001 22869
005 20260414150859.0
008 260414t2016||||xx |||||||||||||| ||spa||
041 _aESP
082 _a624.15136
_bJ81 T. 2 2016
100 _aJuárez Badillo, Eulalio
_eAUT
245 0 _aMecánica de suelos :
_bteoría y aplicaciones de la mecánica de suelos
260 _c2016
300 _a703 páginas :
_c23 cm.
650 _a0
654 _aCIC
942 _cLIB
_dJUS
_fJUS
_2ddc
_n
999 _c22869
_d22869